Statistics for Doctor Who Actors By Picture

Click here to take the quiz!

General Stats

  • This quiz has been taken 224 times
    (125 since last reset)
  • The average score is 11 of 14

Answer Stats

Answer% Correct
Peter Capaldi
97%
David Tennant
93%
Jodie Whittaker
90%
Tom Baker
88%
William Hartnell
87%
Christopher Eccleston
84%
Matt Smith
84%
Sylvester McCoy
76%
Jon Pertwee
73%
Peter Davison
72%
Paul McGann
71%
Colin Baker
69%
Patrick Troughton
69%
Ncuti Gatwa
60%

Score Distribution

Percentile by Number Answered

Percent of People with Each Score

Your Score History

You have not taken this quiz since the last reset